|
|
|
|
| LEADER |
01611nam a2200397 a 4500 |
| 001 |
EBC678727 |
| 003 |
MiAaPQ |
| 005 |
20191030193400.0 |
| 006 |
m o d | |
| 007 |
cr cn||||||||| |
| 008 |
100916s2011 nyua sb 001 0 eng d |
| 010 |
|
|
|z 2010039123
|
| 020 |
|
|
|z 9780814416556
|
| 020 |
|
|
|z 0814416551
|
| 020 |
|
|
|a 9780814416563 (electronic bk.)
|
| 020 |
|
|
|a 9780814416563 (electronic bk.)
|
| 035 |
|
|
|a (MiAaPQ)EBC678727
|
| 035 |
|
|
|a (Au-PeEL)EBL678727
|
| 035 |
|
|
|a (CaPaEBR)ebr10461073
|
| 035 |
|
|
|a (CaONFJC)MIL309971
|
| 035 |
|
|
|a (OCoLC)711788415
|
| 040 |
|
|
|a MiAaPQ
|c MiAaPQ
|d MiAaPQ
|
| 050 |
|
4 |
|a TS160
|b .M83 2011
|
| 082 |
0 |
4 |
|a 658.7/87
|2 22
|
| 100 |
1 |
|
|a Muller, Max.
|
| 245 |
1 |
0 |
|a Essentials of inventory management
|h [electronic resource] /
|c Max Muller.
|
| 250 |
|
|
|a 2nd ed.
|
| 260 |
|
|
|a New York :
|b AMACOM,
|c c2011.
|
| 300 |
|
|
|a xiv, 257 p. :
|b ill.
|
| 504 |
|
|
|a Includes bibliographical references and index.
|
| 505 |
0 |
|
|a Inventory as both a tangible and an intangible object -- Inventory as money -- Physical location and control of inventory -- Automatic identification -- Planning and replenishment concepts -- Why inventory systems fail and how to fix them -- Basics of supply chain risk management.
|
| 533 |
|
|
|a Electronic reproduction. Ann Arbor, MI : ProQuest, 2016. Available via World Wide Web. Access may be limited to ProQuest affiliated libraries.
|
| 650 |
|
0 |
|a Inventory control.
|
| 655 |
|
4 |
|a Electronic books.
|
| 710 |
2 |
|
|a ProQuest (Firm)
|
| 856 |
4 |
0 |
|u https://ebookcentral.proquest.com/lib/matrademy/detail.action?docID=678727
|z Click to View
|